El arte de la guerra / (Registro nro. 5388)

Detalles MARC
000 -CABECERA
Longitud fija campo de control 00958nam a2200301 a 4500
003 - • IDENTIFICADOR DELl NÚMERO DE CONTROL
Identificador del número de control CO-ViMGA
008 - • CÓDIGOS DE INFORMACIÓN DE LONGITUD FIJA
Códigos de información de longitud fija 141112s2004 ck r 000 u spa d
020 ## - • NÚMERO INTERNACIONAL NORMALIZADO PARA LIBROS
Número Internacional Normalizado para Libros (ISBN) 9789586652513
040 ## - FUENTE DE LA CATALOGACIÓN
Centro catalogador de origen CO-ViMGA
Lengua de catalogación spa
Centro transcriptor CO-ViMGA
041 ## - • CÓDIGO DE LENGUA
Código de lengua del texto/banda sonora o título independiente SPA
100 1# - • PUNTO DE ACCESO PRINCIPAL-NOMBRE DE PERSONA
Nombre de persona Sun, Tzu, 1753 - 1810
245 10 - • TITULO PROPIAMENTE DICHO
Título El arte de la guerra /
Mención de responsabilidad, etc. Sun Tzu ; traduccion Maite Madinabeitia
250 ## - • MENCIÓN DE EDICIÓN
Mención de edición 1a ed.
300 ## - • DESCRIPCIÓN FÍSICA
Extensión 193 p. : il. byn.
500 ## - • NOTA GENERAL
Nota general Título original : Manga de dokuna, The art of War
650 14 - • PUNTO DE ACCESO ADICIONAL DE MATERIA - TÉRMINO DE MATERIA
Término de materia o nombre geográfico como elemento inicial AUTORES CHINOS
650 14 - • PUNTO DE ACCESO ADICIONAL DE MATERIA - TÉRMINO DE MATERIA
Término de materia o nombre geográfico como elemento inicial CIENCIA MILITAR - NOVELA GRAFICA
650 14 - • PUNTO DE ACCESO ADICIONAL DE MATERIA - TÉRMINO DE MATERIA
Término de materia o nombre geográfico como elemento inicial COMICS
650 14 - • PUNTO DE ACCESO ADICIONAL DE MATERIA - TÉRMINO DE MATERIA
Término de materia o nombre geográfico como elemento inicial ESTRATEGIA - NOVELA GRAFICA
650 14 - • PUNTO DE ACCESO ADICIONAL DE MATERIA - TÉRMINO DE MATERIA
Término de materia o nombre geográfico como elemento inicial GUERRA - NOVELA GRAFICA
650 14 - • PUNTO DE ACCESO ADICIONAL DE MATERIA - TÉRMINO DE MATERIA
Término de materia o nombre geográfico como elemento inicial LITERATURA CHINA - SIGLO XVIII
650 14 - • PUNTO DE ACCESO ADICIONAL DE MATERIA - TÉRMINO DE MATERIA
Término de materia o nombre geográfico como elemento inicial TACTICA MILITAR - NOVELA GRAFICA
700 1# - • PUNTO DE ACCESO ADICIONAL - NOMBRE DE PERSONA
Nombre de persona Madinabeitia, Maite
942 ## - ENTRADA DE ELEMENTOS AGREGADOS (KOHA)
Fuente de clasificaión o esquema Dewey Decimal Classification
Koha [por defecto] tipo de item LIbro
Existencias
Perdido Fuente de clasificación o esquema Estado Físico No para préstamo Forma de adquisición Localización permanente Localización actual Localización en estanterías Fecha adquisición Préstamos totales Signatura completa Código de barras Fecha última consulta Número de copia Fecha del precio de reemplazo Tipo de item de Koha Serie de enumeración / cronolog&íacute;a Renovaciones totales Fecha último préstamo Note pública
  Dewey Decimal Classification     Colección General Biblioteca Pública Cubarral Biblioteca Pública Cubarral Literatura 08/02/2023   H SUN1 CUB01986 08/02/2023 Ej.1 08/02/2023 Libro Literatura        
  Dewey Decimal Classification     Colección General Biblioteca Pública Dorado Biblioteca Pública Dorado Literatura 03/02/2023   H SUN1 DOR02417 03/02/2023 Ej.1 03/02/2023 Libro Literatura        
  Dewey Decimal Classification     Colección General Biblioteca Pública Fuentedeoro - Henry Llanos García Biblioteca Pública Fuentedeoro - Henry Llanos García Literatura 08/03/2023   H SUN1 Fo00001749 08/03/2023 Ej.1 08/03/2023 Libro Literatura        
  Dewey Decimal Classification     Colección General Biblioteca Pública San Carlos de Guaroa - Eduardo Carranza Biblioteca Pública San Carlos de Guaroa - Eduardo Carranza Literatura 06/05/2024   H SUN1 SG01830 06/05/2024 Ej.1 06/05/2024 LIbro        
  Dewey Decimal Classification     Colección General Biblioteca Pública San Carlos de Guaroa - Eduardo Carranza Biblioteca Pública San Carlos de Guaroa - Eduardo Carranza Literatura 05/09/2025   H SUN1 SG02978 05/09/2025 Ej.1 05/09/2025 LIbro        
  Dewey Decimal Classification     Sala General Biblioteca Comunitaria - Villavicencio Biblioteca Comunitaria - Villavicencio   12/04/2015   H SUN1 27115 12/04/2015 Ej. 2 12/04/2015 LIbro 29/ago/2014      
  Dewey Decimal Classification     Colección General Biblioteca Pública El Castillo - Alfonso Meneses Biblioteca Pública El Castillo - Alfonso Meneses Literatura 08/24/2023   H SUN1 EC02707 08/24/2023 Ej.1 08/24/2023 Libro Literatura        
        Sala General Biblioteca Pública Departamental Eduardo Carranza - Villavicencio Biblioteca Pública Departamental Eduardo Carranza - Villavicencio General 12/09/2014   H SUN1 ECA23449 11/26/2024 Ej.1 11/26/2024 LIbro       17447 | 22376
  Dewey Decimal Classification     Sala Especializada Tercer Piso Biblioteca Pública Germán Arciniegas - Villavicencio Biblioteca Pública Germán Arciniegas - Villavicencio   12/04/2015 1 H SUN1 010660 10/03/2017 Ej. 1 12/04/2015 LIbro 10/jul/2014 1 10/03/2017  
  Dewey Decimal Classification     Colección General Biblioteca Pública Guamal Biblioteca Pública Guamal Literatura 02/07/2023   H SUN1 GUA000736 02/07/2023 Ej.1 02/07/2023 Libro Literatura        
  Dewey Decimal Classification       Biblioteca Pública Mesetas - Franco lodo Poloxi Biblioteca Pública Mesetas - Franco lodo Poloxi   12/09/2024   HSUN1 MEE00811 12/09/2024 Ej.1 12/09/2024 LIbro        
  Clasificación Local Facetada     Literatura General Biblioteca Pública San Juanito - Ernesto Maria Peña Romero Biblioteca Pública San Juanito - Ernesto Maria Peña Romero Literatura 03/12/2026   H SUN1 SJU02942 03/12/2026 Ej.1 03/12/2026 Libro Literatura        
  Dewey Decimal Classification     Colección General Biblioteca Pública Uribe - Reinerio Arenas Biblioteca Pública Uribe - Reinerio Arenas Literatura 07/28/2025   H SUN1 URI03119 07/28/2025 Ej.1 07/28/2025 Libro Literatura        









Instituto Departamental de Cultura del Meta - Red Departamental de Bibliotecas Públicas del Meta.